000 00305nam a22001457a 4500
008 210429b ||||| |||| 00| 0 eng d
020 _a0663305349
041 _aeng
080 _a82
082 _a82
100 _a21
101 _aGJL
245 _aTypes of Literature
_cGordon,E.J
942 _2udc
_cBK
999 _c56950
_d56950